Jan Masaryk a československá zahraniční politika. sborník příspěvků na konferenci ke 105. výročí narození Jana Masaryka

Bibliographic Details
Format: Book
Language:Czech
PhysicalDescription:97 s.
Published: Praha Vysoká škola ekonomická 1991
ISBN:8070790741
Subjects:

MARC

LEADER 00000cam a2200000 a 4500
001 vtls008164261
003 SK-MaSNL
005 20260311150322.0
008 050411s1991 xr r 000 0 cze
020 |a 8070790741 
040 |a SNK  |b slo  |c SNK  |e AACR2 
041 |a cze 
044 |a xr  |c CZ 
080 |a 327:929 Masaryk, J.  |2 1981 
245 0 0 |a Jan Masaryk a československá zahraniční politika.  |b sborník příspěvků na konferenci ke 105. výročí narození Jana Masaryka 
260 |a Praha  |b Vysoká škola ekonomická  |c 1991 
300 |a 97 s. 
600 0 7 |a Masaryk, Jan,  |d 1886-1948  |2 SNKMA  |9 116354 
650 0 7 |a zahraničná politika  |2 SNKPH  |9 971 
651 7 |a Československo  |2 SNKPHgeo  |9 21376 
655 7 |a zborníky  |2 SNKPH  |9 70165 
852 |a Slovenská národná knižnica 
918 |a 80-7079-074-1 
999 |c 1163368  |d 1165298 
952 |a SNK  |b SNK  |y PREZ  |7 0  |o snkSC 80605  |i snkKIP 9356/91  |0 0  |1 0  |4 0  |d 2022-12-12  |l 0  |r 2026-02-24 20:40:14  |w 2026-02-24 
952 |a SNK  |b SNK  |y VYP  |7 0  |p 17A1493385  |o snkSC 80605 D1  |i snk2022/18692  |8 7  |0 0  |1 0  |4 0  |d 2022-12-12  |l 0  |r 2026-02-24 20:40:14  |w 2026-02-24